İstiklal harbinde Türk'ün Kürt'ü (Kayıt no. 12789)

MARC ayrıntıları
000 -BAŞLIK
Sabit Uzunlukta Kontrol Alanı 00755na a2200253 4500
999 ## - SİSTEM KONTROL NUMARALARI (KOHA)
Koha Biblionumber 12789
Koha Biblioitemnumber 12789
001 - KONTROL NUMARASI
Denetim Alanı 17160
003 - KONTROL NUMARASI IDENTIFIER
Denetim Alanı MIRAKIL
005 - SON İŞLEM TARİHİ VE ZAMANI
Denetim Alanı 20190222175155.0
008 - SABİT-BOY VERİ ELEMANLARI - GENEL BİLGİLER
Sabit Uzunlukta Kontrol Alanı 161022b tu 000 0
020 ## - ULUSLARARASI STANDART KİTAP NUMARASI
Uluslararası Standart Kitap Numarası 9786056375903
040 ## - KATALOGLAMA KAYNAK
Orijinal Kataloglama Ajansı Milas
Kataloglama Dili tur
Metne Dönüştürmek Ajansı TR-AnCHP
041 ## - DİL KODU
Metin / Ses Parça Veya Ayrı Başlığın Dil Kodu tur
082 ## - DEWEY ONLU SINIFLANDIRMA NUMARASI
Sınıflandırma Numarası 956.1023
Ürün Numarası D85i 2013
090 ## - SINIFLAMA NUMARASI
Sınıflama Numarası 956.1023 D85i 2013
100 ## - ANA GİRİŞ - KİŞİSEL İSİM
Kişisel Ad Duman, M. Şahin
245 ## - BAŞLIK TABLOSU
Başlık İstiklal harbinde Türk'ün Kürt'ü
Sorumluluk Tablosu, Vb M. Şahin Duman
260 ## - YAYIN, DAĞITIM, VB
Yayın, Dağıtım, Vb Yeri Elazığ
Yayıncı, Dağıtıcı, Vs Adı [yay.y.]
Yayın, Dağıtım, Vb Tarihi 2013
300 ## - FİZİKSEL TANIM
Kapsam xii, 356 s.
Diğer Fiziksel Ayrıntıları fotg.
Boyutlar 20 sm.
504 ## - KAYNAKÇA VB NOT
Kaynakça Vb Notu Kaynakça sayfa sonundadır.
650 ## - KONU KATMA GİRİŞ - TOPİKAL DÖNEM
Topikal Süreli Veya Coğrafi Ad Giriş Elemanı Kurtuluş Savaşı
Genel Alt Bölümü Kürtler
856 ## - ELEKTRONİK YER VE ERİŞİM
Kamu Notu Dijital Nüshası için Partimizin Kütüphane Sorumlusu ile iletişime geçiniz.
942 ## - EKLENDİ GİRİŞ ELEMANLARI (KOHA)
Koha Öğesi Türü Kitaplar
Sınıflandırma Veya Raf Düzeni Kaynak Dewey Decimal Classification
999 ## - SİSTEM KONTROL NUMARALARI (KOHA)
Koha Biblioitemnumber 4589
Mevcut
Kalıcı Konum Mevcut Konum Edinme Tarihi Toplam Check-Out'Lar Tam Çağrı Numarası Barkod Tarih Son Görülme İtibaren Geçerli Fiyatlar Koha Öğesi Türü
Parti Okulu Kütüphanesi Parti Okulu Kütüphanesi 02/22/2019   956.1023 D85i 2013 P00319 02/22/2019 02/22/2019 Kitaplar
Parti Okulu Kütüphanesi Parti Okulu Kütüphanesi 12/09/2020   956.1023 D85i 2013 P00702 12/09/2020 12/09/2020 Kitaplar